000 01036cam a22003497a 4500
001 4752
003 FISKH
005 20250512110105.0
008 090519s2009 nyua b 000 1 eng c
010 _a 2009436437
020 _a9780756645205
020 _a0756645204
020 _a9780756645212 (pbk.)
020 _a0756645212 (pbk.)
035 _a(OCoLC)ocn230204924
040 _aBTCTA
_cBTCTA
_dBAKER
_dFTL
_dWIM
_dUPZ
_dB2A
_dDLC
050 _aPZ7
082 _a307.76
100 1 _aTaylor, Victoria
245 1 0 _aAround town /
_cwritten by Victoria Taylor.
260 _aNew York :
_bDorling Kindersley,
_c2009.
300 _a32 pages : color illustrations ; 23 cm
490 0 _aDK readers. Level 1, Beginining to read
505 _aM
520 _a"Explore an exciting and eventful day in the town of LEGO Ville"
521 8 _a530
_bLexile
521 8 _aM
_bRaz-Plus
650 _aTransportation
_vLego
906 _a7
_bcbc
_ccopycat
_d4
_encip
_f20
_gy-gencatlg
942 _2ddc
_cBK
_n0
999 _c4752
_d4752